Kinh tế hộ gia đình và các quan hệ xã hội ở nông thôn đồng bằng sông Hồng trong thời kỳ đổi mới
保存先:
| 第一著者: | |
|---|---|
| フォーマット: | 図書 |
| 言語: | Undetermined |
| 出版事項: |
Hà Nội
Khoa học Xã hội
2003
|
| 主題: | |
| タグ: |
タグ追加
タグなし, このレコードへの初めてのタグを付けませんか!
|
| Thư viện lưu trữ: | Trung tâm Học liệu Trường Đại học Cần Thơ |
|---|
| LEADER | 00693nam a2200205Ia 4500 | ||
|---|---|---|---|
| 001 | CTU_60335 | ||
| 008 | 210402s9999 xx 000 0 und d | ||
| 020 | |b 25000 | ||
| 082 | |a 338.1 | ||
| 082 | |b Tr527 | ||
| 100 | |a Nguyễn, Đức Truyến | ||
| 245 | 0 | |a Kinh tế hộ gia đình và các quan hệ xã hội ở nông thôn đồng bằng sông Hồng trong thời kỳ đổi mới | |
| 245 | 0 | |c Nguyễn Đức Truyến | |
| 260 | |a Hà Nội | ||
| 260 | |b Khoa học Xã hội | ||
| 260 | |c 2003 | ||
| 650 | |a Family farm | ||
| 650 | |x Management | ||
| 904 | |i Minh, Năm | ||
| 980 | |a Trung tâm Học liệu Trường Đại học Cần Thơ | ||